000 00442nam a2200169Ia 4500
008 090711s9999 xx 000 0 und d
082 _b74704
100 _aखरे सुरेश
245 _aमिश्किली
260 _c1994
300 _a64
600 _aखरे सुरेश
630 _aमिश्किली
700 _aखरे सुरेश
730 _aमिश्किली
942 _cBOOK
999 _c308443
_d308443